00723 a2200241 4500502002400000260001500024653001400039100001900053041000700072260003100079300001100110245009100121650001600212650002700228260002300255300002900278130000700307040001400314041000700328653003900335100008900374020001800463 aThèse de Doctorat aWageningen1 aAgronomie aKLERK, Mariska bEn bUniversité de Wageningen a145 p. aHomocysteine and coronary heart disease : the role of polymorphic genes and hemostasis aHOMOCYTEINE aCORONARY HEART DISEASE c20 Décembre 2002 bIll., Couv. ill. ; 24 cm lEn aSupport  bEn 1aNutrition et Sciences Alimentaires uAbomey-Calavi, Université d'Abomey-Calavi, Faculté des Sciences Agronomiques, Bj a90-5808-773-5